20 città più grandi della Sardegna per popolazione - Statistics

Statistiche generali
  • Questo quiz è stato fatto 74 volte
  • Il punteggio medio è 13 su 20
Statistiche sulle risposte
Popolazione Città % Corretto
148881 Cagliari
100%
121657 Sassari
98%
60385 Olbia
97%
30541 Oristano
95%
34105 Nuoro
93%
42352 Alghero
87%
68430 Quartu Sant'Elena
82%
26390 Carbonia
78%
25288 Iglesias
77%
13278 Tempio Pausania
65%
21224 Porto Torres
58%
28501 Selargius
52%
20676 Sestu
50%
25944 Assemini
45%
12756 Villacidro
37%
13331 Arzachena
33%
23172 Capoterra
33%
17172 Sinnai
33%
19037 Monserrato
32%
14383 Sorso
22%
Nessun quiz corrispondente trovato
Distribuzione punteggi
Percentuale di utenti per punteggio
Percentile per numero di risposta
I tuoi punteggi nel tempo
Non hai fatto questo quiz